000 01098nam0a22002651 4500
001 rc\272318
005 20260406194347.0
035 _a(NLR Aleph) 005487090
090 _a5168080
_c5168080
100 _a20030307d1990 |||y0rusy50 ca
101 0 _arus
102 _aRU
105 _aa |||||||||
200 1 _aБивалентный анализ целочисленных вычислительных операций и алгоритмов
_eУчеб. пособие
_fМ-во высш. и сред. спец. образования РСФСР. Тамб. ин-т хим. машиностроения
210 _aТамбов
_cТИХМ
_d1990
215 _a68 с.
_cил.
_d20
300 _aАвт. указан на обл.
320 _aБиблиогр.: с. 67
700 1 _aЛапин
_bА.А.
_gАлександр Алексеевич
712 0 2 _aТамбовский институт химического машиностроения
_3RU\NLR\AUTH\889957428
_9410962
801 0 _aRU
_bNLR
_gpsbo
801 1 _aRU
_bELAR
_2rusmarc
852 _aNLR
_j91-4/929
942 _cBOOK
980 _aNB